Makers of Indian Literature Sundri Uttamchandani: (Record no. 182843)
[ view plain ]
| 000 -LEADER | |
|---|---|
| fixed length control field | 00538 a2200193 4500 |
| 005 - DATE AND TIME OF LATEST TRANSACTION | |
| control field | 20211207172545.0 |
| 010 ## - LCCN (DPL NO) | |
| LC control number | ENG-130226 |
| 020 ## - INTERNATIONAL STANDARD BOOK NUMBER | |
| Terms of availability | 50.00 |
| International Standard Book Number | 978-93-87989-18-4 |
| 035 ## - SYSTEM CONTROL NUMBER | |
| System control number | EN-113758 |
| 037 ## - SOURCE OF ACQUISITION | |
| Source of stock number/acquisition | DBAD / PUB |
| 082 ## - DEWEY DECIMAL CLASSIFICATION NUMBER | |
| Classification number | 181.4 |
| 100 ## - MAIN ENTRY--PERSONAL NAME | |
| Personal name | Gehani, Mohan |
| 245 ## - TITLE STATEMENT | |
| Title | Makers of Indian Literature Sundri Uttamchandani: |
| Statement of responsibility, etc | Mohan Gehani |
| 250 ## - EDITION STATEMENT | |
| Edition statement | 2018 |
| 260 ## - PUBLICATION, DISTRIBUTION, ETC. (IMPRINT) | |
| Place of publication, distribution, etc | New Delhi |
| Name of publisher, distributor, etc | Sahitya Akademi |
| Date of publication, distribution, etc | 2018 |
| 270 ## - ADDRESS | |
| City | New Delhi |
| Postal code | 2018 |
| 300 ## - PHYSICAL DESCRIPTION | |
| Extent | 101p. |
| Dimensions | 21cm (pbk) |
| 942 ## - ADDED ENTRY ELEMENTS (KOHA) | |
| Institution code [OBSOLETE] | dpl |
| Item type | English Books |
| Source of classification or shelving scheme | Dewey Decimal Classification |
| Classification part | 181.4 |
| Call number suffix | GEH |
| Withdrawn status | Lost status | Not for loan | Collection code | Home library | Current library | Date acquired | Source of acquisition | Cost, normal purchase price | Full call number | Barcode | Copy number | Cost, replacement price | Koha item type |
|---|---|---|---|---|---|---|---|---|---|---|---|---|---|
| Non-fiction | Shahdara Branch | Shahdara Branch | 07/12/2021 | DBAD/PUB | 50.00 | 181.4 GEH | EN-113758 | 1 | 50.00 | English Books |
